000 00695nam a22002297a 4500
003 URS
005 20250120181301.0
008 250120b |||||||| |||| 00| 0 eng d
020 _a971-10-05247
040 _cURS
050 0 0 _aDS653
_b.Sco832 1992
100 1 _aScott, William Henry
_eauthor.
245 1 0 _aLooking for the prehispanic Filipino and other essays in Philipine history/
_cWilliam Henry Scott
260 1 _aQuezon City:
_bNew Day Publishers,
_c@1992
300 _aix, 170 pages,
_c22.7cm.
336 _2rdacontent
_atext
337 _2rdamedia
_aunmediated
338 _2rdacarrier
_3volume
504 _aIt includes notes.
650 _2Phillipine - History
942 _2lcc
_cF
999 _c81841
_d81840